000 00607nam a2200205Ia 4500
003 IN-BaIIA
008 211028s9999 xx 000 0 eng d
020 _a0-12-620850-6
040 _cIIA Library
080 _a523.9-71
_bSOL
245 0 _aSolar energy engineering
_cedited by A. A. M. Sayigh
260 _aNew York
_bAcademic Press
_c1977
300 _axx, 506p.
650 _aAstronomy and astrophysics thesaurus
650 _aSolar constant
_910241
650 _aSolar energy
_93295
650 _aSun
_91200
700 _aSayigh, A. A. M., ed.
_910242
942 _cBK
999 _c5913
_d5913